Online
Catalog

Defensa de la contemplación / (Record no. 25997)

MARC details
000 -CABECERA
campo de control de longitud fija 01049nam a2200241 a 4500
001 - NÚMERO DE CONTROL
campo de control 000026505
005 - FECHA Y HORA DE LA ÚLTIMA TRANSACCIÓN
campo de control 20200930030246.0
008 - DATOS DE LONGITUD FIJA--INFORMACIÓN GENERAL
campo de control de longitud fija 110322s1983 mx r 000 0 spa d
020 ## - NÚMERO INTERNACIONAL ESTÁNDAR DEL LIBRO
Número Internacional Estándar del Libro 8427606311
040 ## - FUENTE DE LA CATALOGACIÓN
Centro catalogador/agencia de origen DO-SdBNP
Lengua de catalogación spa
Centro/agencia transcriptor BNPHU
082 ## - NÚMERO DE LA CLASIFICACIÓN DECIMAL DEWEY
Número de clasificación xxx
Número de documento/Ítem M723d
049 ## - FONDOS LOCALES (OCLC)
Fondos de biblioteca BNGR
100 1# - ENTRADA PRINCIPAL--NOMBRE DE PERSONA
Nombre de persona Molinos, Miguel de,
Fechas asociadas al nombre 1628-1696.
9 (RLIN) 53579
245 10 - MENCIÓN DE TÍTULO
Título Defensa de la contemplación /
Mención de responsabilidad, etc. Miguel de Molinos ; edición preparada por Francisco Trinidad Solano.
260 ## - PUBLICACIÓN, DISTRIBUCIÓN, ETC.
Lugar de publicación, distribución, etc. Madrid :
Nombre del editor, distribuidor, etc. Nacional,
Fecha de publicación, distribución, etc. 1983.
300 ## - DESCRIPCIÓN FÍSICA
Extensión 362, [6] p. :
Otras características físicas il. ;
Dimensiones 21 cm.
490 1# - MENCIÓN DE SERIE
Mención de serie Biblioteca de visionarios heterodoxos y marginados
Designación de volumen o secuencia 23
504 ## - NOTA DE BIBLIOGRAFÍA, ETC.
Nota de bibliografía, etc. Incluye bibliografía (p. [81]-88)
504 ## - NOTA DE BIBLIOGRAFÍA, ETC.
Nota de bibliografía, etc. Incluye referencias bibliográficas y notas al pie de las páginas
505 0# - NOTA DE CONTENIDO CON FORMATO
Nota de contenido con formato Miguel de Molinos: La experiencia de la nada -- Densa de la contemplación -- Apéndices las 263 proposiciones iniciales -- Apéndices las 68 proposiciones condenadas.
700 1# - PUNTO DE ACCESO ADICIONAL--NOMBRE DE PERSONA
Nombre de persona Trinidad, Francisco,
Término indicativo de función/relación ed.
9 (RLIN) 53580
830 #0 - PUNTO DE ACCESO ADICIONAL DE SERIE-TÍTULO UNIFORME
Título uniforme Biblioteca de visionarios heterodoxos y marginados ;
Designación de volumen o secuencia 23
9 (RLIN) 8623
Holdings
Estado de retiro Estado de pérdida Restricciones de uso No para préstamo Código de colección Localización permanente Ubicación/localización actual Ubicación en estantería Fecha de adquisición Número de inventario Total de préstamos Signatura topográfica completa Código de barras Fecha visto por última vez Precio válido a partir de Tipo de ítem Koha
        Monografías: Libros y Folletos General General En catalogación 22.03.2011 LF1   xxx M723d 19 25.06.2020 25.06.2020 Préstamo en sala

Powered by Koha